000 00274nam a22001217a 4500
082 _a551.5 PET'I
100 _aPETTERSSON, SVERRE
_978507
245 _aINTRODUCTION TO METEOROLOGY
250 _a3RD
260 _aNEWYORK
_bMCGRAW HILL
_c1969
300 _a333P
942 _cBK
999 _c583617
_d583617